The foot book / (Record no. 305)

MARC details
000 -LEADER
fixed length control field 01495nam a22003857a 4500
001 - CONTROL NUMBER
control field 305
003 - CONTROL NUMBER IDENTIFIER
control field FISKH
005 - DATE AND TIME OF LATEST TRANSACTION
control field 20230320092331.0
008 - FIXED-LENGTH DATA ELEMENTS--GENERAL INFORMATION
fixed length control field 230317b cb ||||| |||| 00| 0 eng d
010 ## - LIBRARY OF CONGRESS CONTROL NUMBER
LC control number 2001089549
040 ## - CATALOGING SOURCE
Original cataloging agency DLC
Transcribing agency DLC
Modifying agency DLC
042 ## - AUTHENTICATION CODE
Authentication code lcac
050 00 - LIBRARY OF CONGRESS CALL NUMBER
Classification number PZ8.3.G276
Item number 1996
082 00 - DEWEY DECIMAL CLASSIFICATION NUMBER
Classification number 428.1
Edition number 22
100 1# - MAIN ENTRY--PERSONAL NAME
Personal name Geisel, Theodor
Titles and words associated with a name Dr.
Fuller form of name Theodor Seuss Geisel
245 14 - TITLE STATEMENT
Title The foot book /
Statement of responsibility, etc. by Dr. Seuss.
260 ## - PUBLICATION, DISTRIBUTION, ETC.
Place of publication, distribution, etc. New York :
Name of publisher, distributor, etc. Random House,
Date of publication, distribution, etc. 1996
300 ## - PHYSICAL DESCRIPTION
Extent 17 leaves of plates
Other physical details col. ill. ;
Dimensions 23 cm.
500 ## - GENERAL NOTE
General note "With fabulous flaps and peel-off stickers."
500 ## - GENERAL NOTE
General note Title from cover.
500 ## - GENERAL NOTE
General note On board pages.
505 ## - FORMATTED CONTENTS NOTE
Formatted contents note D
520 ## - SUMMARY, ETC.
Summary, etc. Simple rhyming text and illustrations, some under flaps for the reader to lift, introduce all sorts of feet doing all sorts of things.
521 8# - TARGET AUDIENCE NOTE
Target audience note 210 <br/>
Source Lexile
521 8# - TARGET AUDIENCE NOTE
Target audience note D <br/>
Source Raz-Pas
650 #0 - SUBJECT ADDED ENTRY--TOPICAL TERM
Topical term or geographic name entry element Toy and movable books
Form subdivision Specimens.
650 #1 - SUBJECT ADDED ENTRY--TOPICAL TERM
Topical term or geographic name entry element Foot
Form subdivision Fiction.
650 #1 - SUBJECT ADDED ENTRY--TOPICAL TERM
Topical term or geographic name entry element Stories in rhyme.
650 #1 - SUBJECT ADDED ENTRY--TOPICAL TERM
Topical term or geographic name entry element Toy and movable books.
856 42 - ELECTRONIC LOCATION AND ACCESS
Materials specified Publisher description
Uniform Resource Identifier <a href="http://www.loc.gov/catdir/description/random047/2001089549.html">http://www.loc.gov/catdir/description/random047/2001089549.html</a>
856 42 - ELECTRONIC LOCATION AND ACCESS
Materials specified Contributor biographical information
Uniform Resource Identifier <a href="http://www.loc.gov/catdir/enhancements/fy0905/2001089549-b.html">http://www.loc.gov/catdir/enhancements/fy0905/2001089549-b.html</a>
906 ## - LOCAL DATA ELEMENT F, LDF (RLIN)
a 7
b cbc
c orignew
d 2
e epcn
f 20
g y-gencatlg
942 ## - ADDED ENTRY ELEMENTS (KOHA)
Source of classification or shelving scheme Dewey Decimal Classification
Koha item type Books
Suppress in OPAC No
Holdings
Withdrawn status Lost status Source of classification or shelving scheme Damaged status Not for loan Collection Home library Current library Shelving location Date acquired Total Checkouts Full call number Barcode Date last seen Date last checked out Price effective from Koha item type
    Dewey Decimal Classification     Juvenile Fiction Footprints International School Library Network Toul Kork Campus Footprints International School Library Network Toul Kork Campus TK Primary Library Room(4th Floor), Bookcase 7, Shelves 57-60, Dark Green Books 03/17/2023 2 GEI 428.1 PZ8.G276 2023-0050 02/02/2026 01/05/2026 03/17/2023 Books